Citroёn Models - Statistics

General Stats
  • This quiz has been taken 36 times
  • The average score is 11 of 20
Answer Stats
Picture Answer % Correct
C3
90%
C4
90%
C6
84%
C1
81%
Berlingo
77%
Ami
74%
2CV
71%
DS
71%
C4 Cactus
68%
C3 Picasso
55%
Jumper
55%
C3 Aircross
42%
Jumpy
42%
C5 Aircross
39%
CX
39%
BX
35%
C5 X
35%
SM
35%
C-Elysée
23%
C-Crosser
16%
No matching quizzes found
Score Distribution
Percent of People with Each Score
Percentile by Number Answered
Your Score History
You have not taken this quiz